000 00432nam a22001697a 4500
005 20260429144650.0
008 260429b |||||||| |||| 00| 0 eng d
020 _a9781639047505
_qpbk
082 _a813
_bPRA
100 _aPrakash, Shakti
245 _aThe choice for infinity
260 _aChennai
_bNotion Press
_c2021
300 _a103p. ; 20cm.
653 _aEnglish fiction
653 _aScience fiction
942 _2ddc
_cBK
999 _c53157
_d53157